000 01037cam a22003377a 4500
003 CHAP
005 20220329141554.0
008 971013s1979 r 00010 d
010 _a70325
011 _a71297
035 _a80851
040 _cCHAP
082 _a574
_bB3 1979
100 0 0 _aBaker, Jeffrey J. W.
_99550
245 1 2 _aA course in biology
250 _a3 ed.
260 _aReading, Mass. :
_bAddison-Wesley,
_c1979
300 _a592 p.
_b: ilus.
490 0 _aAddison-Wesley series in the life science
500 _aTítulo de la 2 ed. : Study of biology
590 _aBATCH-UPD
_b10
_c20130110
_lUCH01
_h0631
590 _aBATCH-UPD
_b10
_c20130410
_lUCH01
_h0314
590 _aBATCH-UPD
_b10
_c20130913
_lUCH01
_h1929
590 _aCONVERSION
_b10
_c20130109
_lUCH01
_h1339
650 1 4 _aBiología.
_912773
700 0 _aAllen, Garland E.
_94391
830 0 _aAddison-Wesley series in the life science
_9888
901 _aBK
942 _cLIBRO
949 _a574 B3 1979
_bBC
_cMUT
_d-97123
_eMUT
_h48210
_i80851
_si
_t44.70
999 _c70325
_d70325